Islamic jurisprudence : (Record no. 542254)

000 -LEADER
fixed length control field 00675cam a2200181 a 4500
020 ## - INTERNATIONAL STANDARD BOOK NUMBER
International Standard Book Number 1565640969
082 00 - DEWEY DECIMAL CLASSIFICATION NUMBER
Classification number 340.5/9
100 1# - MAIN ENTRY--PERSONAL NAME
Personal name Nyazee, Imran Ahsan Khan.
9 (RLIN) 613
245 10 - TITLE STATEMENT
Title Islamic jurisprudence :
Remainder of title uṣūl al-Fiqh /
Statement of responsibility, etc. Imran Ahsan Khan Nyazee.
260 ## - PUBLICATION, DISTRIBUTION, ETC.
Place of publication, distribution, etc. Islamabad :
Name of publisher, distributor, etc. International Institute of Islamic Thought :
-- Islamic Research Institute,
Date of publication, distribution, etc. 2000.
300 ## - PHYSICAL DESCRIPTION
Extent xvi, 405 p. ;
Dimensions 25 cm.
490 1# - SERIES STATEMENT
Series statement Islamic law and jurisprudence series / Zafar Ishaq Ansari ;
526 ## - STUDY PROGRAM INFORMATION NOTE
Program name 0
Interest level 0
Reading level 0
Title point value 340_590000000000000
650 #0 - SUBJECT ADDED ENTRY--TOPICAL TERM
Topical term or geographic name entry element Islamic law
650 #0 - SUBJECT ADDED ENTRY--TOPICAL TERM
Topical term or geographic name entry element Islamic law
General subdivision Interpretation and construction.
9 (RLIN) 532
650 #0 - SUBJECT ADDED ENTRY--TOPICAL TERM
Topical term or geographic name entry element Islamic law
General subdivision Methodology.
9 (RLIN) 531
942 ## - ADDED ENTRY ELEMENTS (KOHA)
Source of classification or shelving scheme
Koha item type Book
Holdings
Withdrawn status Lost status Source of classification or shelving scheme Damaged status Not for loan Permanent Location Current Location Date acquired Total Checkouts Full call number Barcode Date last seen Copy number Price effective from Koha item type
          Military College of Engineering (MCE) Military College of Engineering (MCE) 09/27/2013   340.5/9 MCE-39174 09/27/2013 1 09/27/2013 Book
© 2023 Central Library, National University of Sciences and Technology. All Rights Reserved.